Vista normal Vista MARC

Entrada Corporate Name

Número de registros utilizados en: 1

001 - CONTROL NUMBER

  • control field: 2929

003 - CONTROL NUMBER IDENTIFIER

  • control field: OSt

005 - DATE AND TIME OF LATEST TRANSACTION

  • control field: 20200413121314.0

008 - FIXED-LENGTH DATA ELEMENTS

  • fixed length control field: 200413|| aca||aabn | a|a d

040 ## - CATALOGING SOURCE

  • Original cataloging agency: OSt
  • Transcribing agency: OSt

110 ## - HEADING--CORPORATE NAME

  • Corporate name or jurisdiction name as entry element: Colombia.
  • Subordinate unit: Comité Permanente por la Defensa de los Derechos Humanos

670 ## - SOURCE DATA FOUND

  • Source citation: Work cat.: (OSt)3689: Rodríguez, Verónica, Transcripción de textos 2928, Derechos humanos en Colombia, veinticinco años itinerario de una historia : , 2004